000 00337 a2200109 4500
001 ART_35148
005 20260410161627.0
008 260409a
245 1 0 _aLa sociedad de hecho agropecuaria y el nuevo Código Civil y Comercial
100 1 _aFerraro, Ricardo H.
773 0 _tEnfoques
_g- Nº 10 (oct. 2015)
_wREV416
999 _c12102
_d12102